Pensamos y aprendemos: texto de lenguaje y comunicación desarrollo del lenguaje, del pensamiento y formación de actitudes tercer año básico y reeducación
Uloženo v:
| Hlavní autoři: | , |
|---|---|
| Médium: | Kniha |
| Jazyk: | španělština |
| Vydáno: |
Santiago
Andrés Bello
1998
|
| Témata: | |
| Tagy: |
Přidat tag
Žádné tagy, Buďte první, kdo vytvoří štítek k tomuto záznamu!
|
MARC
| LEADER | 00000nam a2200000 a 4500 | ||
|---|---|---|---|
| 001 | UCR6063 | ||
| 003 | CL-VaPUC | ||
| 008 | 980420e19980000CL |||||||||||||||||spa|d | ||
| 082 | 0 | 4 | |a 372.6 |b RIO |2 21 |
| 100 | 0 | |a Rioseco Izquierdo, Rosita |e author |9 407151 | |
| 700 | 0 | |a Ziliani Cárcamo, Mónica |e author |9 407152 | |
| 245 | 1 | 0 | |a Pensamos y aprendemos: texto de lenguaje y comunicación desarrollo del lenguaje, del pensamiento y formación de actitudes tercer año básico y reeducación |
| 300 | |a 224 p | ||
| 942 | |c BK | ||
| 945 | |d 19980420 00:00:00 |a rleighto | ||
| 260 | |a Santiago |b Andrés Bello |c 1998 | ||
| 650 | 0 | |a Enseñanza del lenguaje |9 373325 | |
| 650 | 0 | |a Educación básica |9 224933 | |
| 650 | 7 | |a ENSEÑANZA DEL CASTELLANO |2 CL-VaPUC |9 407153 | |
| 583 | |a last modification |c 19980420 00:00:00 |k Rodrigo Vera | ||
| 999 | |c 268374 |d 268372 | ||
| 952 | |0 0 |1 0 |4 0 |6 372_600000000000000_RIO_1998 |7 0 |8 P |9 301473 |a BIBEDU |b BIBEDU |c BIBEDU_PB |d 2019-11-20 |i 3415856 |o 372.6 RIO 1998 |p 3415856 |r 2024-01-25 |w 2019-11-20 |y BK |k BME | ||
| 952 | |0 0 |1 0 |4 0 |6 372_600000000000000_RIO_1998 |7 0 |8 P |9 301474 |a BIBEDU |b BIBEDU |c BIBEDU_PB |d 2019-11-20 |i 3415864 |o 372.6 RIO 1998 |p 3415864 |r 2024-01-25 |w 2019-11-20 |y BK |k BME | ||